000 00478nam a2200181Ia 4500
001 8512
005 20260306160615.0
008 260306t2016||||xx |||||||||||||| ||spa||
041 _aESP
082 _a371.1
_bS28
100 _aScarafía, Cecilia
_eAUT
245 0 _aHabilidades socioemocionales:
_bpotenciar aprendizajes y nutrir la vocación de educar
260 _c2016
300 _a223 páginas :
_c22 cm.
650 _aGEN
654 _aCED
942 _cLIB
_dJUS
_fJUS
_2ddc
_n
999 _c8512
_d8512